006890000a220013300045001000023000002450057000233000049000805000033001295200233001627730045003959420008004409520090004489990017005381 aGaray, Juan Carlos10aEl rockero se nos puso triste : Nuevo disco de Sting aVol.0, núm.13 (Octubre, 2006), Página 40 aCrítico musical de Semana. aEl cantante británico se lanza al ruedo con un disco que recupera la figura del compositor renacentista John Dowland. ¿Logrará resonancia un disco de canciones tristes en estos tiempos en los que sólo la alegría vende?0 tArcadia / Andrés Felipe Solano, Editor cANA 001040708HEMaFUSBCbFUSBCd2016-01-26l0o r2016-01-26 00:00:00w2016-01-26yANA c61842d61842